000 01015nam a2200253Ia 4500
003 GCL
008 140319s9999 xx 000 0 ara d
020 _a7595327977
040 _aGCL /
_cGCL
082 0 4 _a370.952
_bا ت
100 1 _aاحمد عبدالفتاح الزكى
245 1 0 _aالتجربة اليابانية فى التعليم :
_bدروس مستفادة /
_cاحمد عبدالفتاح الزكى
250 _aالاولى
260 _aالقاهرة :
_bدار الوفاء لدنيا الطباعة والنشر ،
_c2006
300 _a240 ص ؛
_c24 سم
490 _aسلسلة دراسات فى التربية المقارنة
_v2
650 0 4 _aالتعليم
650 0 4 _aالتعليم - اليابان
650 0 4 _aاليابان - التخطيط التربوى
650 0 4 _aالتعليم - اغراضه واهدافه - اليابان
650 0 4 _aتعليم الكبار - اليابان
650 0 4 _aالتعليم - ادارة - اليابان
942 _2ddc
_cBK
999 _c8308
_d8308